Wird geladen...
The Penguine book of Irish Verse
| 1. Verfasser: | |
|---|---|
| Format: | Printed Book |
| Sprache: | English |
| Veröffentlicht: |
Penguine Books
Penguine Books
1984
|
| LEADER | 00476nam a2200121Ia 4500 | ||
|---|---|---|---|
| 008 | 111205s9999 xx 000 0 eng d | ||
| 100 | |a Kennelly ,Brendan | ||
| 245 | |a The Penguine book of Irish Verse |c Kennelly ,Brendan | ||
| 260 | |b Penguine Books |a Penguine Books |c 1984 | ||
| 300 | |a 470 | ||
| 942 | |c BK | ||
| 999 | |c 219104 |d 219104 | ||
| 952 | |0 0 |1 0 |2 ddc |4 0 |6 E_891_621000000000000_08_KEN_P |7 0 |9 242055 |a MAL |b MAL |c ST1 |d 1972-07-29 |g 0.00 |l 0 |o E 891.621 08 KEN/P |p MAL19078 |r 2011-12-05 |v 0.00 |w 2011-12-05 |y BK | ||